00744nam a2200181 a 450000500170000000800410001702000180005805000240007610000190010024501020011926000560022130000230027744000170030052000830031765000210040099900190042195201220044020140412111256.0000824s19uu xx 00 eng d a0-590-34127-8 aTR(GS 513bH87 1997 aHucthings, Amy aThe Gummy candy counting book /cby Amy and Richard Hutchings ; photographs by Richard Hutchings. aNew York :bScholastic Inc./Cartwheel Books,c1997. a1 v. (unp.) ; ill. aRead with me aGet ready to count the things you love to chew. Learn how to count from 1-12. aCounting-Fiction c103240d103240 001040aELbELcTRd2000-08-24eLib. Fundg133.00l0oTR(GS 513 H87 1997pE4049r2014-04-12 00:00:00w2014-04-12yBK